[Event "Asian-ch Seniors 65 zt 3.4"]
[Site "Chess.com INT"]
[Date "2020.07.16"]
[Round "7.3"]
[White "Kashkarov, Mikhail"]
[Black "Permukhamedov, R."]
[Result "1-0"]
[WhiteElo "1963"]
[BlackElo "1712"]
[PlyCount "117"]
[EventDate "2020.07.16"]
[EventType "swiss"]
[EventRounds "7"]
[EventCountry "UZB"]
[SourceTitle "EXT 2024"]
[Source "ChessBase"]
[SourceDate "2023.10.10"]
[SourceVersion "1"]
[SourceVersionDate "2023.10.10"]
[SourceQuality "1"]

1. d4 e6 2. Nf3 d6 3. c4 Be7 4. Nc3 Nd7 5. g3 c6 6. Bg2 a6 7. Qc2 h5 8. h3 c5 9. Be3 cxd4 10. Nxd4 Bf6 11. 0-0-0 Qc7 12. Ne4 Rb8 13. Nb3 Be7 14. Bf4 Ne5 15. c5 dxc5 16. Qc3 f6 17. Nexc5 Bxc5 18. Bxe5 Qxe5 19. Qxe5 fxe5 20. Nxc5 Ne7 21. Rd2 b6 22. Rhd1 Kf7 23. Ne4 g6 24. b3 Nf5 25. e3 Re8 26. Kb2 Bb7 27. Ng5+ Kf6 28. Bxb7 Rxb7 29. Ne4+ Ke7 30. g4 hxg4 31. hxg4 Nh6 32. Nd6 Rd7 33. Nxe8 Rxd2+ 34. Rxd2 Kxe8 35. f3 Nf7 36. Rc2 Ng5 37. Rc6 Kd7 38. Rxb6 Nxf3 39. Rxa6 Ne1 40. Ra7+ Kd6 41. Rg7 Ng2 42. Rxg6 Nxe3 43. g5 Ke7 44. a4 Nd5 45. a5 Nc7 46. Rg7+ Kd6 47. Rxc7 Kxc7 48. g6 Kb7 49. g7 Ka6 50. g8Q Kxa5 51. Qxe6 e4 52. Qxe4 Kb5 53. Qc4+ Kb6 54. Kc3 Kb7 55. Qc5 Ka6 56. b4 Kb7 57. b5 Kb8 58. Qe7 Kc8 59. b6 1-0